[Event "Naujac op 02nd"]
[Site "Naujac"]
[Date "1999.??.??"]
[Round "2"]
[White "Petrescu, Coralia"]
[Black "Ionescu, Constantin"]
[Result "0-1"]
[WhiteElo "2040"]
[BlackElo "2430"]
[PlyCount "34"]
[EventDate "1999.07.??"]
[EventType "swiss"]
[EventRounds "7"]
[EventCountry "FRA"]
[SourceTitle "EXT 2000"]
[Source "ChessBase"]
[SourceDate "1999.11.16"]
[SourceVersion "1"]
[SourceVersionDate "1999.11.16"]
[SourceQuality "1"]

1. e4 c5 2. Nf3 e6 3. d4 cxd4 4. Nxd4 a6 5. Be2 Nf6 6. Nc3 d6 7. Be3 b5 8. a3 Bb7 9. f3 Nbd7 10. 0-0 Be7 11. Qd2 0-0 12. Kh1 Qc7 13. Rfd1 Rfd8 14. Ncxb5 axb5 15. Nxb5 Qb8 16. c4 Nc5 17. b4 Nb3 0-1

[Event "Naujac op 02nd"]
[Site "Naujac"]
[Date "1999.??.??"]
[Round "6"]
[White "Petrescu, Coralia"]
[Black "Martin, Eric"]
[Result "0-1"]
[WhiteElo "2065"]
[BlackElo "1760"]
[PlyCount "88"]
[EventDate "1999.07.??"]
[EventType "swiss"]
[EventRounds "7"]
[EventCountry "FRA"]
[SourceTitle "EXT 2000"]
[Source "ChessBase"]
[SourceDate "1999.11.16"]
[SourceVersion "1"]
[SourceVersionDate "1999.11.16"]
[SourceQuality "1"]

1. e4 c5 2. Nf3 d6 3. d4 cxd4 4. Nxd4 Nf6 5. Nc3 a6 6. Be2 e5 7. Nb3 Be6 8. Bf3 b5 9. a3 Nbd7 10. 0-0 Nb6 11. Re1 Rc8 12. Nd2 h5 13. Nf1 Ng4 14. h3 Qh4 15. hxg4 hxg4 16. g3 Qh5 17. Bg2 Be7 18. Be3 Nc4 19. Qc1 f6 20. Nd5 Bxd5 21. exd5 e4 22. Bxe4 Ne5 23. Nd2 Nf3+ 24. Kf1 f5 25. Bd3 Nxd2+ 26. Ke2 Nf3 27. Rh1 Nh2 28. Qg1 Kf7 29. Qg2 Rh7 30. c3 Rch8 31. a4 b4 32. cxb4 Qg6 33. Rac1 Qf6 34. Rc2 Qe5 35. Kd1 Nf3 36. Rxh7 Rxh7 37. Bc4 g5 38. Re2 Qh8 39. Kc2 Rh2 40. Qf1 Rh1 41. Qxh1 Qxh1 42. Bxa6 Qa1 43. Kb3 Qd1+ 44. Rc2 Ne1 0-1